| 000 | 00624nam a2200205Ia 4500 | ||
|---|---|---|---|
| 001 | 1577 | ||
| 003 | GE_BSU | ||
| 008 | 181216s||||||||xx |||||||||||||| ||und|| | ||
| 040 | _cGE_BSU | ||
| 080 | _a656.6 | ||
| 100 | _aЛазарев,Н.Ф. | ||
| 245 | _aПерегрузочные процессы в морских портах.Обработка и обслуживание судов. | ||
| 260 | _aМ. | ||
| 260 | _bТранспорт. | ||
| 260 | _c1987. | ||
| 300 | _a197стр. 21см. | ||
| 541 | _h7л. | ||
| 653 | _aПерегрузочные процессы в морских портах. | ||
| 942 | _cBK | ||
| 999 |
_c35704 _d35704 |
||